İçeriği atla
Inicio
Centros participantes
Catálogo
Servicios
Contacto
Giriş
English
Deutsch
Español
Français
Italiano
日本語
Nederlands
Português
Português (Brasil)
中文(简体)
中文(繁體)
Türkçe
עברית
Gaeilge
Cymraeg
Ελληνικά
Català
Euskara
Русский
Čeština
Suomi
Svenska
polski
Dansk
slovenščina
اللغة العربية
বাংলা
Galego
Tiếng Việt
Hrvatski
हिंदी
Հայերէն
Українська
Sámegiella
Dil
Tüm Alanlar
Materyal Adı
Yazar
Konu
Yer Numarası
ISBN/ISSN
Etiket
Ara
Gelişmiş
La importancia del gasto públi...
Alıntıla
E-posta Gönder
Yazdır
Kaydı İhraç Et
İhraç Et RefWorks
İhraç Et EndNoteWeb
İhraç Et EndNote
Favorilerime ekle
Kalıcı bağlantı
İlk derecelendirmeyi ekleyin
La importancia del gasto público
Kaydedildi:
Detaylı Bibliyografya
Yazar:
Arias Sánchez, Oscar
Materyal Türü:
Metin
Baskı/Yayın Bilgisi:
San José:
MIDEPLAN
Etiketler:
Etiketle
Etiket eklenmemiş, İlk siz ekleyin!
Erişim Bilgileri
Diğer Bilgiler
Yorumlar
Benzer Materyaller
MARC Görünümü
MARC
LEADER
00000 a a2200000 04500
001
17370
003
040
090
|a
020200
100
|a
Arias Sánchez, Oscar
245
|a
La importancia del gasto público
260
|a
San José:
|b
MIDEPLAN
300
|a
8 p.
500
|a
Discurso pronunciado por cadena de radio y TV, 2 de abril de 1976
999
|c
2960
|d
2960
Benzer Materyaller
Estudio para el desarrollo regional de la provincia de Guanacaste y tres distritos de la provincia de Puntarenas. Volumen I: Diagnóstico de la región. Estudio de desarrollo regional, volumen I
Estudio para el desarrollo regional de la provincia de Guanacaste y tres distritos de la provincia de Puntarenas. Volumen II: Políticas generales para el desarrollo de la región. Estudio de desarrollo regional, volumen II
Bases para una periodización de la evolución agraria centroamericana. La evolución agrícola de Costa Rica: un intento de períodización y síntesis (1560-1970)
Yazar:: Vega Carballo, José Luis
Segundo inventario de las estadísticas nacionales, República de Costa Rica 1970
Integración centroamericana y absorción de mano de obra
Yazar:: Camacho Monge, Daniel